Music Quiz

Random Music or Bands Quiz

My top 3 biases in kpop groups Quiz Stats

 Plays Quiz not verified by Sporcle

Support Sporcle.
Go Orange.
Score 0/80 Timer 10:00
0 Plays Today
% Correct
bts
98.9%
jungkook
98.4%
j-hope
98.4%
exo
98.4%
rm
97.9%
baekhyun
97.9%
seventeen
97.9%
sehun
96.8%
chanyeol
96.8%
stray kids
95.8%
nct
95.8%
nct 127
95.3%
hoshi
94.7%
bang chan
94.7%
nct dream
94.7%
the8
94.2%
ateez
94.2%
monsta x
94.2%
nct u
94.2%
got7
94.2%
wonwoo
93.7%
mark
93.7%
mark
93.7%
lucas
93.7%
wayv
93.2%
lucas
93.2%
jinyoung
93.2%
han
92.6%
jooheon
92.6%
jaehyun
92.6%
yugyeom
92.6%
bambam
92.6%
hyungwon
92.1%
i.m
92.1%
jaemin
91.6%
hyunjin
91.1%
haechan
91.1%
txt
91.1%
hongjoong
90.5%
haechan
90.5%
% Correct
jaehyun
90.5%
haechan
90.5%
hendery
90%
jaehyun
89.5%
jeno
89.5%
day6
89.5%
jae
89.5%
jeno
88.9%
yangyang
88.9%
yunho
88.4%
young k
88.4%
soobin
87.9%
astro
87.9%
wanna one
86.8%
eunwoo
86.8%
pentagon
85.8%
taehyun
85.8%
yeonjun
85.8%
moonbin
85.8%
sanha
84.7%
wooyoung
84.2%
dowoon
83.2%
sf9
82.6%
daehwi
82.1%
x1
81.1%
wooseok
81.1%
kino
78.4%
chani
76.3%
rowoon
75.8%
a.c.e
71.6%
jihoon
71.1%
guanlin
71.1%
hongseok
69.5%
hwiyoung
67.4%
chan
66.3%
jun
65.3%
seungwoo
63.2%
yohan
60.5%
byeongkwan
60%
seungyoun
52.6%

You're not logged in!

Compare scores with friends on all Sporcle quizzes.
OR
Log In

From the Vault

Monster Blitz

by Thebiguglyalien

Time to start screaming.
Remove Ads.
Support Sporcle.
Get the best of Sporcle when you Go Orange. This ad-free experience offers more features, more stats, and more fun while also helping to support Sporcle. Thank you for becoming a member.

Show Comments

Extras

Top Quizzes Today


Score Distribution

Your Account Isn't Verified!

In order to create a playlist on Sporcle, you need to verify the email address you used during registration. Go to your Sporcle Settings to finish the process.

Report this User

Report this user for behavior that violates our Community Guidelines.

Details: